| 000 | 00772nam a2200229 a 4500 | ||
|---|---|---|---|
| 999 |
_c3818 _d3818 |
||
| 001 | 4024 | ||
| 003 | BD-DhUAP | ||
| 005 | 20200312130224.0 | ||
| 008 | 200312s19961994enka 000 0 eng d | ||
| 020 | _a0521586518 | ||
| 040 |
_aBD-DhUAP _bEng _cBD-DhUAP _dBD-DhUAP |
||
| 082 | 0 | 0 |
_223 _a420 SPR |
| 100 | 1 | _aSpratt, Mary. | |
| 245 | 1 | 0 |
_aEnglish for the teacher : _ba language development course / _cMary Spratt. |
| 260 |
_aNew York : _bCambridge University Press, _cc1994 [1996]. |
||
| 300 |
_axi, 158 pages : _billustrations ; _c25 cm. |
||
| 440 | _aCambridge teacher training and development. | ||
| 650 | 0 |
_aEnglish language _xStudy and teaching _xForeign speakers. |
|
| 650 | 0 |
_aEnglish language _xTextbooks for foreign speakers. |
|
| 942 |
_2ddc _cBK |
||